000 00712nam a2200205Ia 4500
003 GCL
008 140319s9999 xx 000 0 ara d
040 _aGCL /
_cGCL
082 0 4 _a810.8005
_bع ق
100 1 _aعبدالقادر زيدان
245 1 0 _aقضايا العصر فى ادب ابى العلاء المعرى /
_cعبدالقادر زيدان
260 _a[S.N] :
_bالهيئة المصرية العامة للكتاب ،
_c1986
300 _a382 ص
490 _aدراسات ادبية
_v0
650 0 4 _aالادب العربى
650 0 4 _aالدولة العباسية الثانية
650 0 4 _aابوالعلاء المعرى
650 0 4 _aتاريخ ونقد
942 _2ddc
_cBK
999 _c28974
_d28974